The War on Wheat (Record no. 335127)
[ view plain ]
| 000 -LEADER | |
|---|---|
| fixed length control field | 00486nam a2200097Ia 4500 |
| 008 - FIXED-LENGTH DATA ELEMENTS--GENERAL INFORMATION | |
| fixed length control field | 170517s9999 xx 000 0 und d |
| 245 #4 - TITLE STATEMENT | |
| Title | The War on Wheat |
| 300 ## - PHYSICAL DESCRIPTION | |
| Extent | The War On Wheat profiles Dr. William Davis, author of the influential best-selling book Wheat Belly, a work that is largely considered the bible of those on a wheat-free diet. A charismatic man who believes genetically modified wheat is... |
| 650 ## - SUBJECT ADDED ENTRY--TOPICAL TERM | |
| General subdivision | Technology. |
| 856 ## - ELECTRONIC LOCATION AND ACCESS | |
| Uniform Resource Identifier | <a href="http://topdocumentaryfilms.com/war-wheat/">http://topdocumentaryfilms.com/war-wheat/</a> |
| Withdrawn status | Lost status | Damaged status | Home library | Current library | Date acquired | Total Checkouts | Date last seen | Price effective from | Koha item type |
|---|---|---|---|---|---|---|---|---|---|
| College Library | College Library | 05/17/2017 | 05/17/2017 | 05/17/2017 | Documentary Films |